000 01262 am a2200373Ia 4500
999 _c29200
_d29171
001 ocm49245816
003 EG-ScBUE
005 20210621122409.0
008 020305s2004 maua f d 001 0 eng d
020 _a9798181473348
020 _a8181473345
020 _a0750674997
035 _a(OCoLC)ocm49245816
040 _aTXU
_beng
_erda
_cTXU
_dDLC
_dIUP
_dEG-ScBUE
082 0 4 _a363.7392
_bCHE
_222
100 1 _aCheremisinoff, Nicholas P.,
_eauthor.
245 1 0 _aHandbook of air pollution prevention and control /
_cNicholas P. Cheremisinoff, Ph.D., N&P limited.
250 _aReprinted edition.
264 1 _aWoburn, MA :
_bButterworth-Heinemann,
_c2004.
300 _axi, 562 pages :
_billustrations ;
_c26 cm.
336 _2rdacontent
_atext
_btxt
337 _2rdamedia
_aunmediated
_bn
338 _2rdacarrier
_avolume
_bnc
490 0 _aEnvironmental engineering
500 _aIncludes index.
500 _aIncludes glossary.
650 7 _aAir quality management.
_2BUEsh
650 7 _aAir
_xPollution.
_2BUEsh
650 7 _aFactory and trade waste
_xEnvironmental aspects.
_2BUEsh
650 7 _aPetroleum chemicals industry
_xEnvironmental aspects.
_2BUEsh
653 _bBUSADM
_cJune2021
655 _vReading book
_934232
942 _2ddc
_cBB